header

Gestures and looks in medieval narrative (Record no. 9161)

MARC details
000 -LEADER
fixed length control field 01342nam a2200325Ia 4500
001 - CONTROL NUMBER
control field ebr10019071
003 - CONTROL NUMBER IDENTIFIER
control field CaPaEBR
006 - FIXED-LENGTH DATA ELEMENTS--ADDITIONAL MATERIAL CHARACTERISTICS--GENERAL INFORMATION
fixed length control field m u
007 - PHYSICAL DESCRIPTION FIXED FIELD--GENERAL INFORMATION
fixed length control field cr cn|||||||||
008 - FIXED-LENGTH DATA ELEMENTS--GENERAL INFORMATION
fixed length control field 020429s2002 enk sb 001 0 eng d
010 ## - LIBRARY OF CONGRESS CONTROL NUMBER
Canceled/invalid LC control number 2002067663
020 ## - INTERNATIONAL STANDARD BOOK NUMBER
Cancelled/invalid ISBN 0521815649
040 ## - CATALOGING SOURCE
Original cataloging agency CaPaEBR
Transcribing agency CaPaEBR
035 ## - SYSTEM CONTROL NUMBER
System control number (OCoLC)52613824
050 14 - LIBRARY OF CONGRESS CALL NUMBER
Classification number PN682.N65
Item number B87 2002eb
082 04 - DEWEY DECIMAL CLASSIFICATION NUMBER
Classification number 809/.93355
Edition number 21
100 1# - MAIN ENTRY--PERSONAL NAME
Personal name Burrow, J. A.
Fuller form of name (John Anthony)
245 10 - TITLE STATEMENT
Title Gestures and looks in medieval narrative
Medium [electronic resource] /
Statement of responsibility, etc J.A. Burrow.
260 ## - PUBLICATION, DISTRIBUTION, ETC. (IMPRINT)
Place of publication, distribution, etc Cambridge, U.K. ;
-- New York :
Name of publisher, distributor, etc Cambridge University Press,
Date of publication, distribution, etc 2002.
300 ## - PHYSICAL DESCRIPTION
Extent xi, 200 p.
490 1# - SERIES STATEMENT
Series statement Cambridge studies in medieval literature ;
Volume number/sequential designation 48
504 ## - BIBLIOGRAPHY, ETC. NOTE
Bibliography, etc Includes bibliographical references (p. 186-195) and indexes.
533 ## - REPRODUCTION NOTE
Type of reproduction Electronic reproduction.
Place of reproduction Palo Alto, Calif. :
Agency responsible for reproduction ebrary,
Date of reproduction 2013.
Note about reproduction Available via World Wide Web.
-- Access may be limited to ebrary affiliated libraries.
650 #0 - SUBJECT ADDED ENTRY--TOPICAL TERM
Topical term or geographic name as entry element Literature, Medieval
General subdivision History and criticism.
Topical term or geographic name as entry element Nonverbal communication in literature.
655 #7 - INDEX TERM--GENRE/FORM
Genre/form data or focus term Electronic books.
Source of term local
710 2# - ADDED ENTRY--CORPORATE NAME
Corporate name or jurisdiction name as entry element ebrary, Inc.
830 #0 - SERIES ADDED ENTRY--UNIFORM TITLE
Uniform title Cambridge studies in medieval literature ;
Volume number/sequential designation 48.
856 40 - ELECTRONIC LOCATION AND ACCESS
Uniform Resource Identifier <a href="http://site.ebrary.com/lib/rucke/Doc?id=10019071">http://site.ebrary.com/lib/rucke/Doc?id=10019071</a>
Public note An electronic book accessible through the World Wide Web; click to view

No items available.

© 2026 Rongo University
Contact us: librarian | system librarian | Rongo university